<?xml version="1.0" encoding="UTF-8"?>
<marc:record xmlns:marc="http://www.loc.gov/MARC21/slim">
   <marc:leader>00000nam a2200000 a 4500</marc:leader>
   <marc:datafield ind1="1" ind2=" " tag="100">
      <marc:subfield code="a">Till, Jochen</marc:subfield>
      <marc:subfield code="4">aut</marc:subfield>
      <marc:subfield code="e">Verfasser/-in</marc:subfield>
   </marc:datafield>
   <marc:datafield ind1="1" ind2=" " tag="100">
      <marc:subfield code="a">Herbst, Christoph Maria</marc:subfield>
   </marc:datafield>
   <marc:datafield ind1="0" ind2="0" tag="245">
      <marc:subfield code="a">Zu gut für die Hölle</marc:subfield>
   </marc:datafield>
   <marc:datafield ind1="0" ind2="0" tag="245">
      <marc:subfield code="b">Luzifer junior ; 1</marc:subfield>
   </marc:datafield>
   <marc:datafield ind1=" " ind2="1" tag="264">
      <marc:subfield code="b">Der Audio Verlag</marc:subfield>
      <marc:subfield code="c">2017</marc:subfield>
   </marc:datafield>
   <marc:datafield ind1="1" ind2=" " tag="520">
      <marc:subfield code="a">Wer hätte gedacht, dass der Sohn des Teufels höchstpersönlich Nachhilfe im Bösesein braucht? Vermutlich niemand! Doch der Autor Jochen Till weiß es besser und schafft mit "Luzifer junior - Zu gut für die Hölle" einen urkomischen und mitreißenden Reihenauftakt für Kinder ab 10 Jahren. In Teil 1 wird Luzifer junior, genannt Luzie, von seinem Vater kurzerhand zu den Menschen geschickt und soll in der Hölle auf Erden, einem Internat, seine Fähigkeiten als teuflischer Bösewicht verbessern. Das ist leichter gesagt als getan, denn neue Freunde und Schokolade machen Luzie das Bösesein ganz schön schwer ...</marc:subfield>
   </marc:datafield>
   <marc:datafield ind1=" " ind2=" " tag="020">
      <marc:subfield code="a">9783742401311</marc:subfield>
      <marc:subfield code="9">9783742401311</marc:subfield>
   </marc:datafield>
   <marc:datafield ind1="0" ind2=" " tag="490">
      <marc:subfield code="v">0</marc:subfield>
   </marc:datafield>
   <marc:datafield ind1=" " ind2=" " tag="300">
      <marc:subfield code="a">171 Min.</marc:subfield>
   </marc:datafield>
</marc:record>
